000 00394nam a22001457a 4500
008 230228b |||||||| |||| 00| 0 eng d
020 _a978-93-86348-88-3
082 _a302.35
100 _aDisha
245 _aCorporate Avatars:
_bHow to deal with quirks at work
260 _bJaico Publishing House,
_c2017
300 _a197 p.
_c19cm
942 _2ddc
999 _c9361
_d9362